| 000 | 00584nam a22001577a 4500 | ||
|---|---|---|---|
| 003 | OSt | ||
| 005 | 20151130152338.0 | ||
| 008 | 151130b xxu||||| |||| 00| 0 eng d | ||
| 040 | _cRUA | ||
| 082 | _aFIS SOK 1999 B169 Or.1 | ||
| 100 |
_94039 _aSOK, PISETH. |
||
| 245 | _aTrap pond mapping in svayrieng province, ការធ្វើផែនទីកំណត់តំបន់សំបូរត្រី និងខ្សត់ត្រីក្នុងខេត្តស្វាយរៀង | ||
| 260 |
_aPhnom Penh _bRUA _c1999 |
||
| 300 |
_a54p. _bill. _c29cm. |
||
| 942 |
_2ddc _cFIS |
||
| 999 |
_c3759 _d3759 |
||